00309nam a2200109Ia 4500008004100000020001500041082001700056100002300073245004400096260004400140300001500184161229s9999 xx 000 0 und d a0198288352 a330.9 DAS/IN aDasguptha, Partha  aInquiry into well-being and destitution bOxford University PressaNew Yorkc1993 axviii, 661